World Leaders - Sudden Death - Statistics

General Stats
  • This quiz has been taken 2,214 times
  • The average score is 9 of 19
Answers on the Grid
Answers color-coded by a green-red scale on the quiz's grid according to % correct below.
Albert Einstein
Robert Kennedy
Ted Cruz
Leon Trotsky
Karl Marx
Erwin Rommel
Al Gore
Benjamin Franklin
Martin Luther King Jr.
Frederick Douglass
Martin Luther
Mohandas Gandhi
John Calvin
Charles Darwin
Hillary Clinton
Donald Trump
Indira Gandhi
Boris Johnson
Imran Khan
Pierre Trudeau
Theodore Roosevelt
Vladimir Putin
Barack Obama
Joseph Stalin
Deng Xiaoping
Scott Morrison
Angela Merkel
Winston Churchill
George Washington
Napoleon I
Charles de Gaulle
Johannes Gutenberg
Anton Cermak
Francisco Franco
Pedro I
Idi Amin
 
Answer Stats
Answer % Correct
Barack Obama
65%
Donald Trump
65%
Vladimir Putin
63%
George Washington
61%
Joseph Stalin
59%
Theodore Roosevelt
58%
Winston Churchill
58%
Angela Merkel
54%
Boris Johnson
53%
Napoleon I
50%
Charles de Gaulle
45%
Francisco Franco
43%
Pierre Trudeau
42%
Idi Amin
39%
Indira Gandhi
37%
Deng Xiaoping
35%
Imran Khan
27%
Pedro I
23%
Scott Morrison
15%
No matching quizzes found
Score Distribution
Percent of People with Each Score
Percentile by Number Answered
Your Score History
You have not taken this quiz